| 000 | 00932nam a22002537a 4500 | ||
|---|---|---|---|
| 999 |
_c5675 _d5675 |
||
| 003 | AR-CdUCM | ||
| 008 | 190313b ||||| |||| 00| 0 spa d | ||
| 040 |
_aMUNICIPALIDAD PROVINCIAL DEL CUSCO _cBIBLIOTECA MUNICIPAL DEL CUSCO |
||
| 041 | _heng | ||
| 082 |
_23ed. _a195.1 / _bC97 |
||
| 100 |
_aCuster, Dan _916919 |
||
| 245 | _aLa Mente en las Relaciones Humanas / | ||
| 260 |
_aMéxico : _bCompañía Editorial Continental ; _c1966. |
||
| 300 |
_a281 páginas ; _c23cm |
||
| 505 | _aContenido: El poder mágico dentro de ti -- El poder mágico de la fe -- Como usar la mente para la salud física -- Como liberarse del temor -- Meditación en la noche... | ||
| 650 |
_aMeditación _916920 |
||
| 650 |
_aComplejos _916421 |
||
| 650 |
_aPersonalidad _9925 |
||
| 650 |
_aTratamiento mental _916921 |
||
| 650 |
_aMente _916922 |
||
| 700 |
_aSevillano, Celedonio (traducción) _916923 |
||
| 942 |
_2ddc _cLIBROS |
||
| 945 | _anom | ||